00182pam a2200085 a 4500020000500000041000500005100001500010245004200025260002900067 c h aKamal Nath aWidening Perspectives on Biodiversity bNatraj Publicationc1994